[Event "Beirut op 10th"]
[Site "Beirut"]
[Date "2019.05.03"]
[Round "9"]
[White "Al Salman, Mohamad"]
[Black "Sharbel, Marwan"]
[Result "1/2-1/2"]
[WhiteElo "1958"]
[BlackElo "1973"]
[PlyCount "102"]
[EventDate "2019.04.25"]
[EventType "swiss"]
[EventRounds "9"]
[EventCountry "LBN"]
[SourceTitle "CBM 190 Extra"]
[Source "ChessBase"]
[SourceDate "2019.07.15"]
[SourceVersion "1"]
[SourceVersionDate "2019.07.15"]
[SourceQuality "1"]

1. d4 d5 2. c4 e6 3. Nc3 c6 4. Nf3 dxc4 5. e4 b5 6. a3 Nf6 7. Be2 Be7 8. 0-0 a6 9. Bg5 Nbd7 10. e5 Nd5 11. Ne4 0-0 12. Qd2 Bxg5 13. Nfxg5 h6 14. Nh3 c5 15. f4 cxd4 16. Qxd4 Qb6 17. Qxb6 N7xb6 18. Kf2 Bd7 19. Bf3 Rac8 20. Rfd1 Rfd8 21. Rd2 Rc7 22. Rad1 Kf8 23. g4 Ke7 24. Kg3 c3 25. bxc3 Nxc3 26. Nxc3 Rxc3 27. Rd3 Rxd3 28. Rxd3 Bc8 29. Rc3 Nc4 30. Nf2 f6 31. Nd3 fxe5 32. Nxe5 Nxe5 33. fxe5 Kd7 34. Bc6+ Ke7 35. Bf3 Bd7 36. Rc7 Rc8 37. Ra7 Rc5 38. Bg2 Rc3+ 39. Kf2 Rc5 40. Be4 Kd8 41. Ra8+ Bc8 42. Bb7 Kd7 43. Bxc8+ Rxc8 44. Rxa6 Rc3 45. Rd6+ Ke7 46. Rb6 Rc5 47. Rb7+ Kf8 48. Kf3 Rxe5 49. Kf4 Re2 50. h4 Ra2 51. Rxb5 Rxa3 1/2-1/2

[Event "Beirut op 10th"]
[Site "Beirut"]
[Date "2019.05.01"]
[Round "6"]
[White "Najjar, Ahmad"]
[Black "Al Salman, Mohamad"]
[Result "1-0"]
[WhiteElo "2233"]
[BlackElo "1958"]
[PlyCount "87"]
[EventDate "2019.04.25"]
[EventType "swiss"]
[EventRounds "9"]
[EventCountry "LBN"]
[SourceTitle "CBM 190 Extra"]
[Source "ChessBase"]
[SourceDate "2019.07.15"]
[SourceVersion "1"]
[SourceVersionDate "2019.07.15"]
[SourceQuality "1"]

1. Nf3 d5 2. d4 Nf6 3. Bf4 Bf5 4. e3 c6 5. Bd3 e6 6. Bxf5 exf5 7. 0-0 g6 8. Nbd2 Bg7 9. c4 0-0 10. Qb3 Qb6 11. Rfc1 Qxb3 12. Nxb3 Nbd7 13. Na5 dxc4 14. Nxb7 Nb6 15. Bd6 Rfe8 16. Ne5 Ne4 17. Nxc4 Nxc4 18. Rxc4 Nxd6 19. Nxd6 Re6 20. Nb7 Rb8 21. Nc5 Re7 22. Nb3 Rb6 23. Rac1 Ra6 24. a3 Rc7 25. g3 Bf8 26. Nc5 Ra5 27. Nd3 Ra6 28. R1c2 Bd6 29. R4c3 Rb6 30. d5 c5 31. b4 c4 32. Rxc4 Rxc4 33. Rxc4 Rb5 34. Rd4 Kf8 35. Kf1 f6 36. Ke2 Ke7 37. a4 Rb8 38. Rc4 g5 39. f3 h5 40. b5 g4 41. Nf4 Be5 42. Ng6+ Kd6 43. Rc6+ Kxd5 44. Ne7# 1-0

[Event "Beirut op 10th"]
[Site "Beirut"]
[Date "2019.04.30"]
[Round "5"]
[White "Al Salman, Mohamad"]
[Black "Haidar, Wassim"]
[Result "1-0"]
[WhiteElo "1958"]
[BlackElo "1707"]
[PlyCount "115"]
[EventDate "2019.04.25"]
[EventType "swiss"]
[EventRounds "9"]
[EventCountry "LBN"]
[SourceTitle "CBM 190 Extra"]
[Source "ChessBase"]
[SourceDate "2019.07.15"]
[SourceVersion "1"]
[SourceVersionDate "2019.07.15"]
[SourceQuality "1"]

1. d4 Nf6 2. Nf3 b6 3. c4 e6 4. Bg5 Be7 5. Nc3 Bb7 6. Qc2 d5 7. cxd5 exd5 8. e3 Nbd7 9. Bb5 0-0 10. 0-0 a6 11. Ba4 Rc8 12. Rfd1 Nh5 13. Qf5 Nhf6 14. Ne5 c6 15. Nxd5 cxd5 16. Nxd7 Nxd7 17. Bxe7 Qxe7 18. Qxd7 Qxd7 19. Bxd7 Rc2 20. Rdc1 Rxb2 21. Rc7 Rb8 22. Rac1 g6 23. a4 b5 24. axb5 axb5 25. R7c5 Ba6 26. Bc6 b4 27. Bxd5 Bd3 28. Bc4 Bxc4 29. R5xc4 Kg7 30. R4c2 Rb3 31. g4 Kh6 32. Kg2 Rd3 33. Rb2 b3 34. Kf3 Re8 35. Rcb1 Rb8 36. Ke2 Rc3 37. Kd2 Rbc8 38. Rxb3 Rc2+ 39. Ke1 Kg5 40. h3 Kh4 41. e4 R2c3 42. Kd2 Rc2+ 43. Ke3 R8c3+ 44. Rxc3 Rxc3+ 45. Kf4 g5+ 46. Ke5 Rxh3 47. d5 Rd3 48. Rh1+ Kxg4 49. Rxh7 Rf3 50. Rh2 Rd3 51. Rg2+ Kh4 52. Kf6 Rf3+ 53. Ke7 g4 54. d6 Kh3 55. Rg3+ Rxg3 56. fxg3 Kxg3 57. d7 Kh2 58. d8Q 1-0

[Event "Mediterranean-ch 10th"]
[Site "Beirut"]
[Date "2015.10.17"]
[Round "2"]
[White "Sursock, Sameer"]
[Black "Al Salman, Mohamad"]
[Result "1-0"]
[WhiteElo "2240"]
[BlackElo "1892"]
[PlyCount "89"]
[EventDate "2015.10.16"]
[EventType "swiss"]
[EventRounds "9"]
[EventCountry "LBN"]
[SourceTitle "EXT 2018"]
[Source "ChessBase"]
[SourceDate "2017.10.13"]
[SourceVersion "1"]
[SourceVersionDate "2017.10.13"]
[SourceQuality "1"]

1. e4 c5 2. Nf3 d6 3. d4 cxd4 4. Nxd4 Nf6 5. Nc3 a6 6. Bc4 e6 7. Bb3 Nbd7 8. Be3 Nc5 9. f3 Be7 10. Qd2 Bd7 11. 0-0 0-0 12. Rad1 Qc7 13. g4 h6 14. Qg2 Nh7 15. Qg3 b5 16. h4 Qd8 17. Nde2 Nxb3 18. axb3 b4 19. Na4 Bb5 20. c4 bxc3 21. Naxc3 Bxe2 22. Nxe2 e5 23. g5 hxg5 24. h5 Rb8 25. Rd3 Qd7 26. h6 g6 27. Qxe5 dxe5 28. Rxd7 Rxb3 29. Rxe7 Rxe3 30. Nc3 g4 31. fxg4 Rg3+ 32. Kh2 Rxg4 33. Rxe5 Ng5 34. Nd5 f5 35. exf5 Rh4+ 36. Kg2 Rxh6 37. Ne7+ Kg7 38. f6+ Kf7 39. Rxg5 Rfh8 40. Nd5 Rh2+ 41. Kf3 Rxb2 42. Re1 Rb7 43. Rge5 Rh5 44. Re7+ Rxe7 45. fxe7 1-0